000 00527nam a2200181Ia 4500
999 _c3681
_d3681
003 OSt
005 20200824130355.0
008 190216s9999||||xx |||||||||||||| ||und||
020 _a1859573894
040 _coclc
082 _a668.4192
_bBAS/H
100 _aBastioli, Catia
_94314
245 0 _aHandbook Of Biodegradable Polymers /
_cCatia Bastioli
260 _bRapra Technology,
_c2006.
_aUK:
300 _a534p
650 _aChemistry-Chemistry
942 _cBK
_2ddc
_h668.4192
_iBAS/H
_k668.4192
_mBAS/H